Miasta w Chinach czy w Korei Południowej? - klikanie - Statystyki

Ogólne statystyki
  • Ten quiz został rozwiązany 32 razy
  • Średni wynik to 13 z 16
Statystyki odpowiedzi
Hint Odpowiedź % Poprawnych
Shenzhen Chiny
100%
Kanton Chiny
96%
Nankin Chiny
92%
Taiyuan Chiny
88%
Pusan Korea Południowa
88%
Pocheon Korea Południowa
88%
Suzhou Chiny
84%
Ulsan Korea Południowa
84%
Hefei Chiny
80%
Inczon Korea Południowa
80%
Daegu Korea Południowa
80%
Ansan Korea Południowa
80%
Urumczi Chiny
76%
Fuzhou Chiny
72%
Czedżu Korea Południowa
72%
Changwon Korea Południowa
64%
Nie znaleziono quizów pasujących do podanych kryteriów
Rozkład punktacji
Procent ludzi z każdym wynikiem
Percentyl według liczby udzielonych odpowiedzi
Twoja historia wyników
Nie rozwiązałeś tego quizu